Discrete Time back Stepping and Sliding Mode Control used for a Missile System using Extended Order State Observer / (Record no. 537889)

000 -LEADER
fixed length control field 00562nam a22001577a 4500
020 ## - INTERNATIONAL STANDARD BOOK NUMBER
Qualifying information Hard Cover.
082 ## - DEWEY DECIMAL CLASSIFICATION NUMBER
Classification number 621.3
100 ## - MAIN ENTRY--PERSONAL NAME
Personal name Sultan, Sohail
245 ## - TITLE STATEMENT
Title Discrete Time back Stepping and Sliding Mode Control used for a Missile System using Extended Order State Observer /
Statement of responsibility, etc. Sohail Sultan
260 ## - PUBLICATION, DISTRIBUTION, ETC.
Place of publication, distribution, etc. Islamabad :
Name of publisher, distributor, etc. CEME -NUST,
Date of publication, distribution, etc. 2016.
300 ## - PHYSICAL DESCRIPTION
Extent 47 p. : ill. ;
Dimensions 30cm.
650 ## - SUBJECT ADDED ENTRY--TOPICAL TERM
Topical term or geographic name entry element Electrical Engineering-MS-Thesis.
700 ## - ADDED ENTRY--PERSONAL NAME
Personal name Dr. Fahad Mumtaz Malik.
942 ## - ADDED ENTRY ELEMENTS (KOHA)
Source of classification or shelving scheme
Koha item type Thesis
650 ## - SUBJECT ADDED ENTRY--TOPICAL TERM
-- 16073
700 ## - ADDED ENTRY--PERSONAL NAME
-- 17335
Holdings
Withdrawn status Lost status Source of classification or shelving scheme Damaged status Not for loan Permanent Location Current Location Shelving location Date acquired Full call number Barcode Date last seen Price effective from Koha item type
          Central Library (CL) Central Library (CL) Thesis 10/20/2020 621.3 CL-T-621 10/20/2020 10/20/2020 Thesis
© 2023 Central Library, National University of Sciences and Technology. All Rights Reserved.